Χωρικές επιπτώσεις από την κατασκευή μονάδας παραγωγής ηλεκτρικής ενέργειας στην περιοχή Καράβα του δήμου Μανταμάδου, Λέσβου : πτυχιακή εργασία

Αποθηκεύτηκε σε:
Λεπτομέρειες βιβλιογραφικής εγγραφής
Κύριος συγγραφέας: Κατσίμπρα, Ελένη
Συγγραφή απο Οργανισμό/Αρχή: Πανεπιστήμιο Αιγαίου. Σχολή Κοινωνικών Επιστημών. Τμήμα Γεωγραφίας
Άλλοι συγγραφείς: Μαγκαφάς, Νικόλαος, Μπριασούλη, Ελένη (dgsf)
Μορφή: Thesis Βιβλίο
Γλώσσα:Greek
Δημοσίευση: 2005.
Θέματα:
Ετικέτες: Προσθήκη ετικέτας
Δεν υπάρχουν, Καταχωρήστε ετικέτα πρώτοι!

MARC

LEADER 00000cam a2200000 i 4500
001 1/20319
008 051205s2005 gr | ||| |||| ||gre||
035 |l 10081584 
040 |a GR-MyUa  |b gre  |e AACR2 
041 0 |a gre 
082 7 |a 333.79   |2 (22) 
100 1 |a Κατσίμπρα, Ελένη. 
245 1 0 |a Χωρικές επιπτώσεις από την κατασκευή μονάδας παραγωγής ηλεκτρικής ενέργειας στην περιοχή Καράβα του δήμου Μανταμάδου, Λέσβου :   |b πτυχιακή εργασία /   |c Κατσίμπρα Ελένη, Μαγκάφας Νικόλαος ; υπεύθυνη καθηγήτρια Μπριασούλη Ελένη. 
260 |c 2005. 
300 |a 102 σ. :   |b φωτ., χάρτες ;   |c 30 εκ. 
500 |a Μέλη εξεταστικής επιτροπής: Κορρές Γ., Ιωσηφίδης Θ. 
502 |a Πτυχιακή εργασία – Πανεπιστήμιο Αιγαίου, Λέσβος, 2005. 
504 |a Βιβλιογραφία: σ. 87-89. 
650 0 |a Electric power-plants  |x Environmental aspects. 
650 0 |a Electric power-plants  |x Location. 
650 0 |a Electric power-plants  |z Greece  |z Mantamados (Lesbos Island) 
650 0 |a Electric power-plants  |x Location  |z Greece  |z Mantamados (Lesbos Island) 
650 0 |a Dissertations, Academic  |z Greece. 
700 1 |a Μαγκαφάς, Νικόλαος. 
700 1 |a Μπριασούλη, Ελένη,  |e dgsf 
710 2 |a Πανεπιστήμιο Αιγαίου.   |b Σχολή Κοινωνικών Επιστημών.   |b Τμήμα Γεωγραφίας. 
852 |a INST  |b LESVOS  |c DIATR  |e 20051205  |h 351  |p 005100033600  |q 005100033600  |t DIE  |y 23 
852 |a INST  |b LESVOS  |c DIATR  |e 20051205  |h 352  |p 005100033599  |q 005100033599  |t DIE  |y 23 
901 |a BIBL1-2005-3 
924 |a Κατσίμπρα  |b Ελένη  |y Λέσβος  |z 2005-11 
924 |a Μαγκαφάς  |b Νικόλαος  |y Λέσβος  |z 2005-11 
970 |a ΜΑΡΙΝΑΤΟΥ  |b ΜΥΡΣΙΝΗ  |z 2005/12/05